=LDR 00000nam 2200000 4500 =001 NUTBA000000000003991 =005 20140901105631.0 =006 =007 =008 =020 ##$$a 978-979-24-3827 =035 ##$$0010-091400000000024 =040 ##$$a Ind =082 ##$$a 92 (Adam) =090 ##$$a 92 (Adam)$bAda p =100 ##$$a Adams, patch =245 ##$$a Patch adams$b Kisahinspiratif seorang dokter eksentrik yang menyembuhkan dengan humor dan kebahagiaan$cPatch adams =260 ##$$a Yogyakarta$bB-first$c2008. =300 ##$$a Xxi,263 Hlm$bIlus$c25 cm. =850 ##$$a NBPDMAT =990 ##$$a 21002406 =990 ##$$a 0001/BPAP-NTB/20142014 =990 ##$$a 0001/BPAP-NTB/2016